000 00400nam a2200133Ia 4500
008 200626s9999 xx 000 0 und d
020 _a1-84479-263-3
100 _aMullins, Laurie J.
245 _cLaurie J. Mullins.--
_aManagement and organizational behaviour/
250 _a7th ed.
260 _aEngland:
_bPearson Education Limited
_c2005
300 _axxiv, 1095 pages
500 _aIncludes Index
999 _c363907
_d363907